000 00562cam a22001337a 4500
008 180718b1950 xxu||||| |||| 00| 0 eng d
082 _aDO96 C737
245 _aChanging commonwealth: proceeding of the fourth unofficial commonwealth relations conference held at Bigwin Inn, Ontario, Canada, september 8-18, 1949
_cedited by F.H. Soward
260 _aToronto
_bOxford University
_c1950
300 _axiv, 268p
500 _aIssued under the auspices of the Canadian Institute of International Affairs
650 _aCommonwealth of Nations
700 _aSoward, F.H.
999 _c424572
_d424572